Asean Documents, ឯកសារអាស៊ាន (Record no. 25514)

000 -LEADER
fixed length control field 00401nam a22001097a 4500
040 ## - CATALOGING SOURCE
Transcribing agency RUA
082 ## - DEWEY DECIMAL CLASSIFICATION NUMBER
Classification number VOL កសក 1995 C160 Or.
100 ## - MAIN ENTRY--AUTHOR NAME
Personal name ក្រសួងសេដ្ឋកិច្ច និងហិរញ្ញវត្ថុ, ក្រសួងពាណិជ្ជកម្ម
245 ## - TITLE STATEMENT
Title Asean Documents, ឯកសារអាស៊ាន
260 ## - PUBLICATION, DISTRIBUTION, ETC. (IMPRINT)
Place of publication 472p.
Name of publisher ill.
Year of publication 29cm.
942 ## - ADDED ENTRY ELEMENTS (KOHA)
Koha item type សៀវភៅភាសាខ្មែរ
952 ## - LOCATION AND ITEM INFORMATION (KOHA)
Withdrawn status [LOCAL, KOHA] 0
Holdings
Permanent Location Date acquired Koha item type Lost status Shelving location Barcode Current Location Full call number
Library Block C2026-02-23សៀវភៅភាសាខ្មែរ C160C034417Library Block CVOL កសក 1995 C160 Or.
មជ្ឈមណ្ឌលឯការនៃសាកលវិទ្យាល័យភូមិន្ទកសិកម្មចំការដូង

Powered by Koha